<?xml version="1.0" encoding="UTF-8"?>
<record
    xmlns:xsi="http://www.w3.org/2001/XMLSchema-instance"
    xsi:schemaLocation="http://www.loc.gov/MARC21/slim http://www.loc.gov/standards/marcxml/schema/MARC21slim.xsd"
    xmlns="http://www.loc.gov/MARC21/slim">

  <leader>02056cam a2200481   4500</leader>
  <controlfield tag="001">13980</controlfield>
  <controlfield tag="003">http://catalogue.bnf.fr/ark:/12148/cb47500283c</controlfield>
  <controlfield tag="005">20251211154043.0</controlfield>
  <datafield tag="010" ind1=" " ind2=" ">
    <subfield code="a">9782958676476</subfield>
    <subfield code="d">6 EUR</subfield>
  </datafield>
  <datafield tag="020" ind1=" " ind2=" ">
    <subfield code="a">FR</subfield>
    <subfield code="b">02437077</subfield>
  </datafield>
  <datafield tag="073" ind1=" " ind2="0">
    <subfield code="a">9782958676476</subfield>
  </datafield>
  <datafield tag="090" ind1=" " ind2=" ">
    <subfield code="a">13980</subfield>
  </datafield>
  <datafield tag="099" ind1=" " ind2=" ">
    <subfield code="o">0</subfield>
  </datafield>
  <datafield tag="100" ind1=" " ind2=" ">
    <subfield code="a">20240624d2024    a  y0frey50      ba</subfield>
  </datafield>
  <datafield tag="101" ind1="0" ind2=" ">
    <subfield code="a">fre</subfield>
  </datafield>
  <datafield tag="102" ind1=" " ind2=" ">
    <subfield code="a">FR</subfield>
  </datafield>
  <datafield tag="105" ind1=" " ind2=" ">
    <subfield code="a">||||z   00|a|</subfield>
  </datafield>
  <datafield tag="181" ind1=" " ind2="0">
    <subfield code="6">01</subfield>
    <subfield code="a">i </subfield>
    <subfield code="b">xxxe  </subfield>
  </datafield>
  <datafield tag="181" ind1=" " ind2=" ">
    <subfield code="6">02</subfield>
    <subfield code="c">txt</subfield>
    <subfield code="2">rdacontent</subfield>
  </datafield>
  <datafield tag="182" ind1=" " ind2="0">
    <subfield code="6">01</subfield>
    <subfield code="a">n</subfield>
  </datafield>
  <datafield tag="182" ind1=" " ind2=" ">
    <subfield code="6">02</subfield>
    <subfield code="c">n</subfield>
    <subfield code="2">rdamedia</subfield>
  </datafield>
  <datafield tag="200" ind1="1" ind2=" ">
    <subfield code="a">Hors de soi</subfield>
    <subfield code="b">LIVR</subfield>
  </datafield>
  <datafield tag="214" ind1=" " ind2="0">
    <subfield code="c">la Maison th&#xE9;&#xE2;tre</subfield>
    <subfield code="d">DL 2024</subfield>
  </datafield>
  <datafield tag="214" ind1=" " ind2="3">
    <subfield code="c">Ott impr.</subfield>
  </datafield>
  <datafield tag="214" ind1=" " ind2="0">
    <subfield code="a">Strasbourg</subfield>
  </datafield>
  <datafield tag="214" ind1=" " ind2="3">
    <subfield code="a">67-Wasselonne</subfield>
  </datafield>
  <datafield tag="215" ind1=" " ind2=" ">
    <subfield code="a">1 vol. (39 p.)</subfield>
  </datafield>
  <datafield tag="215" ind1=" " ind2=" ">
    <subfield code="d">21 cm</subfield>
  </datafield>
  <datafield tag="225" ind1=" " ind2=" ">
    <subfield code="a">Les cahiers th&#xE9;&#xE2;tre</subfield>
    <subfield code="v">n&#xB0; 15</subfield>
  </datafield>
  <datafield tag="225" ind1=" " ind2=" ">
    <subfield code="e">12-14 ans</subfield>
  </datafield>
  <datafield tag="300" ind1=" " ind2=" ">
    <subfield code="a">Commande de la Maison th&#xE9;&#xE2;tre dans le cadre du projet "Que &#xE7;a bouge !"</subfield>
  </datafield>
  <datafield tag="321" ind1=" " ind2=" ">
    <subfield code="a">La Revue des livres pour enfants</subfield>
    <subfield code="x">0398-8384</subfield>
    <subfield code="c">340</subfield>
  </datafield>
  <datafield tag="330" ind1=" " ind2=" ">
    <subfield code="a">&#xAB; C'est le bordel ! &#xBB; Cette phrase revient en boucle dans le bureau de la direction du coll&#xE8;ge o&#xF9; sont pr&#xE9;sent&#xB7;e&#xB7;s les enseignant&#xB7;e&#xB7;s et une repr&#xE9;sentante des parents d'&#xE9;l&#xE8;ves. Les 3&#xE8;meC et Mme Hartman se sont enferm&#xE9;&#xB7;e&#xB7;s dans la salle 204 en glissant un mot sous la porte &#xAB; que &#xE7;a bouge &#xBB;. Et si c'&#xE9;tait pour donner d'autres couleurs &#xE0; la vie des &#xE9;l&#xE8;ves et des enseignant&#xB7;e&#xB7;s ! Dans une pi&#xE8;ce pleine d&#x2018;humour et de sensibilit&#xE9;, Marylin Mattei brosse un tableau r&#xE9;aliste et plein d'espoir sur la vie d'un coll&#xE8;ge o&#xF9; tout pourrait bouger si&#x2026;</subfield>
  </datafield>
  <datafield tag="333" ind1=" " ind2=" ">
    <subfield code="a">&#xC0; partir de 13 ans</subfield>
  </datafield>
  <datafield tag="410" ind1=" " ind2="0">
    <subfield code="0">47252827</subfield>
  </datafield>
  <datafield tag="410" ind1=" " ind2="0">
    <subfield code="t">Les Cahiers th&#xE9;&#xE2;tre (Strasbourg)</subfield>
    <subfield code="x">3039-5577</subfield>
    <subfield code="v">15</subfield>
  </datafield>
  <datafield tag="608" ind1=" " ind2=" ">
    <subfield code="a">Th&#xE9;&#xE2;tre</subfield>
    <subfield code="2">CNLJ</subfield>
  </datafield>
  <datafield tag="610" ind1=" " ind2=" ">
    <subfield code="a">Education</subfield>
    <subfield code="a">coll&#xE8;ge</subfield>
  </datafield>
  <datafield tag="686" ind1=" " ind2=" ">
    <subfield code="a">802</subfield>
    <subfield code="2">Cadre de classement de la Bibliographie nationale fran&#xE7;aise</subfield>
  </datafield>
  <datafield tag="700" ind1=" " ind2=" ">
    <subfield code="a">Mattei</subfield>
    <subfield code="b">Marilyn</subfield>
    <subfield code="f">1985-....</subfield>
  </datafield>
  <datafield tag="700" ind1=" " ind2=" ">
    <subfield code="3">17081801</subfield>
    <subfield code="o">ISNI0000000459760223</subfield>
    <subfield code="4">070</subfield>
  </datafield>
  <datafield tag="801" ind1=" " ind2="0">
    <subfield code="a">FR</subfield>
    <subfield code="b">FR-751131015</subfield>
    <subfield code="c">20240624</subfield>
    <subfield code="g">AFNOR</subfield>
    <subfield code="h">FRBNF475002830000004</subfield>
  </datafield>
  <datafield tag="856" ind1=" " ind2="2">
    <subfield code="u">894164</subfield>
    <subfield code="b">Premi&#xE8;re de couverture</subfield>
  </datafield>
  <datafield tag="995" ind1=" " ind2=" ">
    <subfield code="2">0</subfield>
    <subfield code="5">2025-12-11</subfield>
    <subfield code="9">13872</subfield>
    <subfield code="c">JOL</subfield>
    <subfield code="f">JOL-007681</subfield>
    <subfield code="k">TH JP MAT X</subfield>
    <subfield code="n">2026-06-04</subfield>
    <subfield code="o">0</subfield>
    <subfield code="b">JOL</subfield>
    <subfield code="r">LIVR</subfield>
  </datafield>
</record>
